[Event "4NCL Division 3 North"]
[Site "Bolton, ENG"]
[Date "2022.05.02"]
[Round "7.11"]
[White "Mitchell, Martin"]
[Black "Doran, Chris"]
[Result "1/2-1/2"]
[WhiteElo "2194"]
[BlackElo "1967"]
[PlyCount "105"]
[EventDate "2022.05.02"]
[WhiteTeam "Spirit of Atticus"]
[BlackTeam "Manchester Manticores 2"]

1. d4 Nf6 2. c4 g6 3. Nc3 Bg7 4. e4 d6 5. Be2 O-O 6. Be3 e5 7. d5 a5 8. g4 Na6
9. h4 Nc5 10. Bf3 Bd7 11. h5 Qc8 12. g5 Ne8 13. hxg6 fxg6 14. Bg2 Ra6 15. Qd2
a4 16. O-O-O Qb8 17. Bh3 Bxh3 18. Rxh3 Qa8 19. Bxc5 dxc5 20. Qe3 Rf7 21. Rf3
Nd6 22. Rxf7 Nxf7 23. Qxc5 Qd8 24. Nb5 c6 25. dxc6 Qxg5+ 26. Kb1 Rxc6 27. Qd5
h5 28. Ne2 a3 29. bxa3 Qg4 30. Qd3 Qe6 31. Rc1 Bh6 32. Rc2 h4 33. f4 Bxf4 34.
Nxf4 exf4 35. c5 Qf6 36. Nd4 Rc8 37. Nf3 Rd8 38. Qb3 Rd1+ 39. Rc1 Rxc1+ 40.
Kxc1 Kg7 41. Kd2 Qe7 42. Qc3+ Kf8 43. e5 h3 44. c6 bxc6 45. Qxc6 Nxe5 46. Nxe5
Qxe5 47. Qxg6 Qg7 48. Qe6 Qf7 49. Qxh3 Qxa2+ 50. Ke1 Qa1+ 51. Ke2 Qe5+ 52. Kf3
Qe3+ 53. Kg2 1/2-1/2

[Event "4NCL Division 3 North"]
[Site "Bolton, ENG"]
[Date "2022.05.02"]
[Round "7.12"]
[White "Dobson, Graham"]
[Black "Carleton, John J"]
[Result "0-1"]
[WhiteElo "1915"]
[BlackElo "2188"]
[PlyCount "55"]
[EventDate "2022.05.02"]
[WhiteTeam "Manchester Manticores 2"]
[BlackTeam "Spirit of Atticus"]

1. e4 c6 2. d4 d5 3. f3 e6 4. Bd3 c5 5. c3 Nc6 6. Ne2 Nf6 7. e5 Nd7 8. Be3 Qb6
9. O-O cxd4 10. Bxd4 Nxd4 11. cxd4 Nxe5 12. Nbc3 Bd7 13. Kh1 Nxd3 14. Qxd3 Bd6
15. f4 O-O 16. f5 exf5 17. Nxd5 Qxb2 18. Nec3 Qa3 19. Rxf5 Bxf5 20. Qxf5 Rac8
21. Ne2 Qb2 22. Qf1 Rfe8 23. Re1 Bb4 24. Nxb4 Qxb4 25. Rb1 Qc4 26. Rb2 Rc6 27.
h3 Rce6 28. Ng3 0-1

[Event "4NCL Division 3 North"]
[Site "Bolton, ENG"]
[Date "2022.05.02"]
[Round "7.13"]
[White "Crocker, Philip J"]
[Black "Reed, John"]
[Result "1/2-1/2"]
[WhiteElo "2089"]
[BlackElo "1941"]
[PlyCount "88"]
[EventDate "2022.05.02"]
[WhiteTeam "Spirit of Atticus"]
[BlackTeam "Manchester Manticores 2"]

1. d4 Nf6 2. c4 d6 3. Nc3 e5 4. Nf3 e4 5. Nd2 Bf5 6. Qb3 b6 7. g3 g6 8. Bg2 Qe7
9. e3 c6 10. O-O Bg7 11. f3 exf3 12. Nxf3 O-O 13. Bd2 Ne4 14. Rae1 Nd7 15. Bc1
Ndf6 16. Nd2 Rfe8 17. Ndxe4 Bxe4 18. Nxe4 Nxe4 19. Rf4 Ng5 20. Ref1 Rf8 21. Qd3
Rad8 22. Bd2 f5 23. h4 Ne6 24. R4f2 d5 25. cxd5 cxd5 26. Qb3 Qd7 27. Rc1 f4 28.
gxf4 Bf6 29. Rf3 Ng7 30. Bh3 Qe8 31. Rc7 Qe4 32. Bg2 Nh5 33. Rh3 Qf5 34. Rxa7
Qg4 35. Rb7 Bxh4 36. Rxb6 g5 37. Rb5 Nf6 38. Rxh4 gxh4 39. Kf1 Kh8 40. Rxd5
Nxd5 41. Bxd5 Rxd5 42. Qxd5 Qd1+ 43. Be1 Qd3+ 44. Kf2 Qc2+ 1/2-1/2

[Event "4NCL Division 3 North"]
[Site "Bolton, ENG"]
[Date "2022.05.02"]
[Round "7.14"]
[White "Norris, Ethan"]
[Black "Latham, David"]
[Result "1/2-1/2"]
[WhiteElo "2000"]
[BlackElo "2083"]
[PlyCount "88"]
[EventDate "2022.05.02"]
[WhiteTeam "Manchester Manticores 2"]
[BlackTeam "Spirit of Atticus"]

1. d4 Nf6 2. Nf3 d5 3. c4 e6 4. Nc3 Be7 5. Bg5 O-O 6. e3 Ne4 7. Bxe7 Qxe7 8.
Qc2 Nxc3 9. Qxc3 c6 10. Bd3 Nd7 11. O-O Re8 12. e4 dxe4 13. Bxe4 c5 14. d5 Nf6
15. Rfe1 Nxe4 16. Rxe4 Qf6 17. Qxf6 gxf6 18. Rd1 e5 19. g4 h6 20. Nh4 Bd7 21.
Nf5 Bxf5 22. gxf5 Kf8 23. Rde1 Ke7 24. f4 Kd6 25. Kf2 a6 26. fxe5+ Rxe5 27.
Rxe5 fxe5 28. Re3 b5 29. b3 bxc4 30. bxc4 Rb8 31. Rb3 Rb4 32. Ra3 Rxc4 33.
Rxa6+ Kxd5 34. Rf6 Rc2+ 35. Ke3 Rxa2 36. Rxf7 Ra3+ 37. Ke2 Ke4 38. f6 Ra2+ 39.
Kd1 Rxh2 40. Rc7 Rf2 41. f7 h5 42. Ke1 Rf4 43. Ke2 h4 44. Rxc5 Rxf7 1/2-1/2

[Event "4NCL Division 3 North"]
[Site "Bolton, ENG"]
[Date "2022.05.02"]
[Round "7.15"]
[White "Ackley, Peter J E"]
[Black "Lonsdale, Jon I"]
[Result "1/2-1/2"]
[WhiteElo "2002"]
[BlackElo "1894"]
[PlyCount "47"]
[EventDate "2022.05.02"]
[WhiteTeam "Spirit of Atticus"]
[BlackTeam "Manchester Manticores 2"]

1. g3 c5 2. Bg2 Nc6 3. Nf3 e5 4. d3 g6 5. c4 Bg7 6. Nc3 Nge7 7. Nd2 d6 8. Nf1
O-O 9. Ne3 a6 10. Ned5 Rb8 11. Nxe7+ Nxe7 12. a4 Be6 13. Bg5 f6 14. Be3 b6 15.
O-O d5 16. cxd5 Nxd5 17. Nxd5 Bxd5 18. Bxd5+ Qxd5 19. Qc2 Rbc8 20. Rfc1 a5 21.
Qc4 Qxc4 22. Rxc4 Rc7 23. Rac1 Rd8 24. Kf1 1/2-1/2

[Event "4NCL Division 3 North"]
[Site "Bolton, ENG"]
[Date "2022.05.02"]
[Round "7.16"]
[White "Taylor, Mark"]
[Black "Phillips, David A"]
[Result "1/2-1/2"]
[WhiteElo "1839"]
[BlackElo "2050"]
[PlyCount "64"]
[EventDate "2022.05.02"]
[WhiteTeam "Manchester Manticores 2"]
[BlackTeam "Spirit of Atticus"]

1. e4 c5 2. Nf3 Nc6 3. d4 cxd4 4. Nxd4 Nf6 5. Nc3 e5 6. Ndb5 Bb4 7. Nd6+ Ke7 8.
Nxc8+ Rxc8 9. Bd3 d5 10. exd5 Nxd5 11. O-O Nxc3 12. bxc3 Bd6 13. Bf5 Rc7 14.
Qd5 Kf8 15. Rd1 Be7 16. Qf3 Qe8 17. Rb1 h5 18. Bg6 h4 19. Be4 b6 20. Rd3 g5 21.
Qg4 Rg8 22. Qh5 Qc8 23. Qh6+ Ke8 24. Bh7 e4 25. Rd5 Rd7 26. Rxd7 Qxd7 27. Be3
Bf8 28. Qh5 Rh8 29. Bxg5 Qd5 30. Qxh4 Rxh7 31. Qxh7 Qxg5 32. Qxe4+ Kd7 1/2-1/2

[Event "4NCL Division 3 North"]
[Site "Bolton, ENG"]
[Date "2022.05.02"]
[Round "7.21"]
[White "Jayawarna, Thisumi"]
[Black "Wedge, David C"]
[Result "1/2-1/2"]
[WhiteElo "1730"]
[BlackElo "1725"]
[PlyCount "39"]
[EventDate "2022.05.02"]
[WhiteTeam "Manchester Manticores 3"]
[BlackTeam "Bradford DCA Knights B"]

1. e4 d6 2. d4 g6 3. f4 Nf6 4. Nc3 Bg7 5. Nf3 c5 6. dxc5 Qa5 7. Bd2 Qxc5 8. Bd3
O-O 9. Qe2 a6 10. a3 e6 11. Be3 Qc7 12. O-O b5 13. Rad1 Nc6 14. Kh1 Rb8 15. Rb1
b4 16. axb4 Nxb4 17. Bd4 Nxd3 18. Qxd3 Nh5 19. Bxg7 Nxg7 20. Rfd1 1/2-1/2

[Event "4NCL Division 3 North"]
[Site "Bolton, ENG"]
[Date "2022.05.02"]
[Round "7.22"]
[White "Dean, Robert A"]
[Black "Pollard, Matthew B"]
[Result "1-0"]
[WhiteElo "1732"]
[BlackElo "1702"]
[PlyCount "59"]
[EventDate "2022.05.02"]
[WhiteTeam "Bradford DCA Knights B"]
[BlackTeam "Manchester Manticores 3"]

1. e4 e6 2. d4 d5 3. Nd2 dxe4 4. Nxe4 Bd7 5. Nf3 Bc6 6. Bd3 Nd7 7. O-O Ngf6 8.
Ng3 Be7 9. Re1 O-O 10. c3 Bxf3 11. Qxf3 c6 12. Bc2 Re8 13. Qd3 g6 14. h4 h5 15.
Rxe6 Nc5 16. dxc5 Qxd3 17. Bxd3 fxe6 18. Bxg6 Red8 19. Bg5 Rd7 20. Bc2 Kf7 21.
Re1 Rad8 22. Bb3 Nd5 23. Bxe7 Rxe7 24. Nxh5 Rg8 25. f3 Kg6 26. g4 Rf8 27. Kg2
e5 28. Bc2+ Kh6 29. Ng3 Nf4+ 30. Kf1 1-0

[Event "4NCL Division 3 North"]
[Site "Bolton, ENG"]
[Date "2022.05.02"]
[Round "7.23"]
[White "Barnett, Elliott"]
[Black "Winter, Kevin"]
[Result "1/2-1/2"]
[WhiteElo "1667"]
[BlackElo "1690"]
[PlyCount "47"]
[EventDate "2022.05.02"]
[WhiteTeam "Manchester Manticores 3"]
[BlackTeam "Bradford DCA Knights B"]

1. b3 d5 2. Bb2 Bf5 3. Nf3 Nf6 4. e3 e6 5. c4 Be7 6. Nc3 O-O 7. Be2 h6 8. O-O
c6 9. d4 Nbd7 10. h3 Re8 11. Bd3 Ne4 12. Qc2 Ndf6 13. c5 Rc8 14. b4 b6 15. Nd2
Nxd2 16. Qxd2 Bxd3 17. Qxd3 Nd7 18. e4 Nf6 19. e5 Nd7 20. Na4 b5 21. Nc3 a5 22.
a3 a4 23. Rae1 Bf8 24. Bc1 1/2-1/2

[Event "4NCL Division 3 North"]
[Site "Bolton, ENG"]
[Date "2022.05.02"]
[Round "7.24"]
[White "Webster, Vivien"]
[Black "Wilson, Jeff"]
[Result "1-0"]
[WhiteElo "1489"]
[BlackElo "1447"]
[PlyCount "41"]
[EventDate "2022.05.02"]
[WhiteTeam "Bradford DCA Knights B"]
[BlackTeam "Manchester Manticores 3"]

1. d4 d5 2. c4 c6 3. e3 e6 4. Ne2 Nf6 5. Ng3 Be7 6. Nc3 O-O 7. Bd3 Nbd7 8. cxd5
cxd5 9. h4 b6 10. h5 h6 11. e4 dxe4 12. Ncxe4 Bb7 13. Be3 Rc8 14. Kf1 Nd5 15.
Bd2 N7f6 16. Rc1 Rxc1 17. Qxc1 Nb4 18. Nxf6+ gxf6 19. Bxb4 Bxb4 20. Qxh6 Qxd4
21. Qh7# 1-0

[Event "4NCL Division 3 North"]
[Site "Bolton, ENG"]
[Date "2022.05.02"]
[Round "7.31"]
[White "Burnett, Jim"]
[Black "Surtees, Mike J"]
[Result "0-1"]
[WhiteElo "2050"]
[BlackElo "2130"]
[PlyCount "116"]
[EventDate "2022.05.02"]
[WhiteTeam "Chessable White Rose 3"]
[BlackTeam "Bolton"]

1. d4 c6 2. c4 f6 3. e4 d6 4. Nc3 e5 5. Nf3 Bg4 6. Be2 g6 7. O-O Na6 8. d5 c5
9. Ne1 Bxe2 10. Qxe2 Nh6 11. a3 Nf7 12. Nd3 h5 13. Rb1 Be7 14. Be3 Kf8 15. f4
Kg7 16. Qf2 b6 17. b4 Qc8 18. bxc5 Nxc5 19. Bxc5 bxc5 20. Rb5 Qa6 21. a4 Rhb8
22. fxe5 Nxe5 23. Nxe5 dxe5 24. Rfb1 Rb6 25. Qa2 Rab8 26. a5 Rxb5 27. Rxb5 Rc8
28. Na4 Rc7 29. Qf2 Qc8 30. h3 Kf7 31. Qf3 Rb7 32. Qb3 Rxb5 33. Qxb5 h4 34. a6
Qc7 35. Kf2 f5 36. Nc3 Qd8 37. Qa4 Qc7 38. Nb5 Qb6 39. Qc2 fxe4 40. Qxe4 Qxa6
41. Qxe5 Qa2+ 42. Qe2 Qxe2+ 43. Kxe2 a6 44. Na7 Kf6 45. Nc6 Bd6 46. Na5 Bc7 47.
Nb7 Bb6 48. Nd6 a5 49. Kd3 Ke5 50. Nb5 Kf4 51. Ke2 a4 52. Kd3 Kg3 53. Nc3 a3
54. Kc2 Kxg2 55. Na4 Bd8 56. Nxc5 Kxh3 57. Nb7 a2 58. Kb2 Kg3 0-1

[Event "4NCL Division 3 North"]
[Site "Bolton, ENG"]
[Date "2022.05.02"]
[Round "7.32"]
[White "Sakic, Lorand"]
[Black "Shaw, Peter"]
[Result "0-1"]
[WhiteElo "1993"]
[BlackElo "2088"]
[PlyCount "72"]
[EventDate "2022.05.02"]
[WhiteTeam "Bolton"]
[BlackTeam "Chessable White Rose 3"]

1. e4 c6 2. d4 d5 3. exd5 cxd5 4. c4 Nf6 5. Nc3 Nc6 6. Bf4 Bg4 7. f3 Bf5 8. c5
g6 9. Bb5 Bg7 10. Nge2 O-O 11. O-O Rc8 12. Rc1 Ne8 13. a3 Nc7 14. Ba4 e5 15.
Bxc6 bxc6 16. dxe5 Ne6 17. b4 Nxf4 18. Nxf4 Bxe5 19. Nd3 Bd4+ 20. Kh1 Qf6 21.
Ne2 Be3 22. Ra1 Rfe8 23. Ng3 Bd7 24. Qb3 h5 25. Rfe1 h4 26. Nf1 Bd4 27. Rad1 h3
28. Ng3 hxg2+ 29. Kxg2 Kg7 30. Nf2 Rxe1 31. Rxe1 Qh4 32. Qc2 Rh8 33. Rh1 Bh3+
34. Kg1 Qf4 35. Qd1 Re8 36. Nge4 Rxe4 0-1

[Event "4NCL Division 3 North"]
[Site "Bolton, ENG"]
[Date "2022.05.02"]
[Round "7.33"]
[White "Edwards-Wright, Miles D"]
[Black "Sakic, Simeon"]
[Result "1-0"]
[WhiteElo "2038"]
[BlackElo "1987"]
[PlyCount "79"]
[EventDate "2022.05.02"]
[WhiteTeam "Chessable White Rose 3"]
[BlackTeam "Bolton"]

1. g3 e5 2. Bg2 d5 3. d3 f5 4. c4 Nf6 5. cxd5 Nxd5 6. Qb3 c6 7. Nc3 Bb4 8. a3
Bxc3+ 9. bxc3 Na6 10. c4 Nf6 11. Bb2 Qe7 12. Nf3 Nc5 13. Qc2 e4 14. Ne5 O-O 15.
O-O Be6 16. Bc3 a5 17. Rab1 Rfb8 18. Qd2 Qc7 19. Rfc1 Rd8 20. Qe3 Qe7 21. d4
Na4 22. Ba1 Ra6 23. f3 Nb6 24. fxe4 Nxe4 25. Bxe4 fxe4 26. d5 Nxd5 27. cxd5
cxd5 28. Rc2 Bh3 29. g4 Rh6 30. Bd4 Rf8 31. Qg3 Qf6 32. Rcc1 Qa6 33. Qe3 Qf6
34. g5 Qe6 35. gxh6 Rf6 36. Kh1 Rxh6 37. Rg1 Bf5 38. Rb6 Rh3 39. Rxe6 Rxe3 40.
Re8# 1-0

[Event "4NCL Division 3 North"]
[Site "Bolton, ENG"]
[Date "2022.05.02"]
[Round "7.34"]
[White "Doherty, Paul"]
[Black "Wills, Tom"]
[Result "0-1"]
[WhiteElo "1738"]
[BlackElo "1951"]
[PlyCount "88"]
[EventDate "2022.05.02"]
[WhiteTeam "Bolton"]
[BlackTeam "Chessable White Rose 3"]

1. d4 d5 2. c4 c6 3. Nc3 Nf6 4. cxd5 cxd5 5. Nf3 Nc6 6. Bf4 a6 7. a3 Bf5 8. e3
e6 9. Be2 h6 10. Ne5 Nxe5 11. Bxe5 Be7 12. f3 O-O 13. Bd3 Bxd3 14. Qxd3 Nd7 15.
g4 Nxe5 16. dxe5 Bh4+ 17. Ke2 Qb6 18. b4 Rac8 19. Rac1 Rc4 20. Na4 Qc6 21. Rxc4
dxc4 22. Qc2 Qd5 23. Qc3 Qc6 24. Qc2 Qb5 25. f4 a5 26. Nc3 Qc6 27. Qe4 Qxe4 28.
Nxe4 axb4 29. axb4 Ra8 30. Nc3 Ra3 31. Kd2 Bf2 32. Rc1 Rb3 33. b5 Rb2+ 34. Kd1
Bxe3 35. Ra1 Bxf4 36. Ra8+ Kh7 37. Rc8 Bxe5 38. Rxc4 Bxc3 39. Rxc3 Rxb5 40. Rc7
Kg6 41. h4 Rb4 42. h5+ Kf6 43. Ke2 Rxg4 44. Rxb7 Rg5 0-1

[Event "4NCL Division 3 North"]
[Site "Bolton, ENG"]
[Date "2022.05.02"]
[Round "7.35"]
[White "Slinger, Tony J"]
[Black "Beswick, Andrew"]
[Result "1-0"]
[WhiteElo "1929"]
[BlackElo "1684"]
[PlyCount "111"]
[EventDate "2022.05.02"]
[WhiteTeam "Chessable White Rose 3"]
[BlackTeam "Bolton"]

1. c4 Nf6 2. Nc3 e6 3. d4 d5 4. Nf3 Be7 5. Bf4 c6 6. e3 O-O 7. Rc1 Nh5 8. Bg3
Nd7 9. Ne5 Nxg3 10. hxg3 g6 11. Nf3 Bf6 12. Be2 Re8 13. O-O Nb6 14. b3 Qe7 15.
Re1 Nd7 16. Bf1 Bg7 17. e4 Bh6 18. Rc2 dxe4 19. Nxe4 Nf6 20. Nc3 Qd6 21. Rce2
b6 22. Qc2 Bb7 23. Rd1 Rad8 24. Ree1 Qc7 25. b4 Bf8 26. Qb3 Rc8 27. c5 bxc5 28.
dxc5 Nd5 29. Ne4 a5 30. Rxd5 cxd5 31. Nf6+ Kg7 32. Nxe8+ Rxe8 33. a3 axb4 34.
axb4 Rb8 35. Qc3+ Kg8 36. Rc1 Bg7 37. Qc2 Bc6 38. Rb1 Bb5 39. Bxb5 Rxb5 40. Ne1
Qb7 41. c6 Qc7 42. Nd3 Bf8 43. Rc1 Bh6 44. Qa4 Rb6 45. Rc2 Bf8 46. b5 Bd6 47.
Nc5 Bxc5 48. Rxc5 Kg7 49. Rc1 e5 50. Qa5 d4 51. Qxb6 Qxb6 52. c7 Qxb5 53. c8=Q
d3 54. Qc3 Kg8 55. Re1 f6 56. Rd1 1-0

[Event "4NCL Division 3 North"]
[Site "Bolton, ENG"]
[Date "2022.05.02"]
[Round "7.36"]
[White "Lamb, Ian"]
[Black "Donahue, Randolph E"]
[Result "1/2-1/2"]
[WhiteElo "1663"]
[BlackElo "1800"]
[PlyCount "70"]
[EventDate "2022.05.02"]
[WhiteTeam "Bolton"]
[BlackTeam "Chessable White Rose 3"]

1. Nf3 Nf6 2. c4 e6 3. g3 b6 4. Bg2 Bb7 5. O-O Be7 6. d4 c5 7. Nc3 cxd4 8. Qxd4
Nc6 9. Qd3 O-O 10. Bg5 d5 11. cxd5 Nb4 12. Qd1 Nfxd5 13. Bxe7 Qxe7 14. Nxd5
Bxd5 15. a3 Na6 16. Qa4 Nc5 17. Qh4 Qxh4 18. Nxh4 Bxg2 19. Nxg2 Nb3 20. Rad1
Rfd8 21. Ne3 Kf8 22. Rxd8+ Rxd8 23. Rd1 Rxd1+ 24. Nxd1 Ke7 25. Kg2 Nd2 26. Nc3
Nc4 27. Nd1 Kd6 28. Kf3 Kc5 29. Ke4 f6 30. Kd3 Ne5+ 31. Kc3 a5 32. Ne3 b5 33.
b4+ axb4+ 34. axb4+ Kb6 35. f4 Nc6 1/2-1/2

[Event "4NCL Division 3 North"]
[Site "Bolton, ENG"]
[Date "2022.05.02"]
[Round "7.41"]
[White "Bak, Andrew"]
[Black "Ciuravin, Andrei"]
[Result "0-1"]
[WhiteElo "1963"]
[BlackElo "2076"]
[PlyCount "78"]
[EventDate "2022.05.02"]
[WhiteTeam "Bradford DCA Knights A"]
[BlackTeam "Hull & East Riding Tigers"]

1. e4 c5 2. Nf3 e6 3. d4 cxd4 4. Nxd4 Nf6 5. Nc3 d6 6. g4 h6 7. h4 Nc6 8. Rg1
h5 9. g5 Ng4 10. Be2 Qb6 11. Bxg4 Qxd4 12. Be3 Qb4 13. Be2 a6 14. g6 f6 15. Qd2
Qxb2 16. Rb1 Qa3 17. Bb6 Na5 18. Nd5 exd5 19. Qxd5 Be7 20. Bxa5 Qc5 21. Qf7+
Kd7 22. Bb4 Qe5 23. Qxg7 Re8 24. Qf7 Rf8 25. Qh7 Qe6 26. g7 Rg8 27. Bxh5 Kc6
28. Bg4 Qxa2 29. Rb3 Qa1+ 30. Kd2 Qxg1 31. Qxg8 Qxf2+ 32. Kc3 f5 33. Qd5+ Kc7
34. Ba5+ Kb8 35. g8=Q Bf6+ 36. Kb4 Qe1+ 37. Ka4 Qa1+ 38. Ra3 b5+ 39. Kb4 Qb2+
0-1

[Event "4NCL Division 3 North"]
[Site "Bolton, ENG"]
[Date "2022.05.02"]
[Round "7.42"]
[White "Collinson, Mark I"]
[Black "McCarthy, Damian"]
[Result "0-1"]
[WhiteElo "2048"]
[BlackElo "1859"]
[PlyCount "116"]
[EventDate "2022.05.02"]
[WhiteTeam "Hull & East Riding Tigers"]
[BlackTeam "Bradford DCA Knights A"]

1. d4 Nf6 2. g3 d5 3. Bg2 c6 4. c4 dxc4 5. Nf3 Bf5 6. Ne5 Bxb1 7. Rxb1 Qa5+ 8.
Bd2 Qxa2 9. O-O Nbd7 10. e4 e6 11. Nxd7 Nxd7 12. d5 e5 13. dxc6 bxc6 14. Bc3
Qb3 15. Qd2 Rd8 16. Qg5 h6 17. Qg4 h5 18. Qh3 Bc5 19. Rbd1 Qb6 20. Kh1 Bd4 21.
f4 c5 22. fxe5 Nxe5 23. Qf5 Qe6 24. Qg5 Qg6 25. Qxg6 fxg6 26. Ra1 Rd7 27. Bh3
Re7 28. Ra6 Rf8 29. Rd6 Rxf1+ 30. Bxf1 Rd7 31. Re6+ Re7 32. Rd6 Bxc3 33. bxc3
Nd3 34. Rxg6 Nf2+ 35. Kg2 Nxe4 36. Rc6 Kd7 37. Ra6 Kd8 38. Bxc4 Nxc3 39. Kf3
Ne4 40. Kf4 Nf6 41. Kf5 Ng4 42. Kg5 Nxh2 43. Kxh5 Nf3 44. Be6 Nd4 45. Bc4 Kc8
46. Kg6 Kb7 47. Ra5 Rc7 48. Ra2 Nc6 49. Re2 Re7 50. Rb2+ Kc7 51. Ba6 Nb4 52.
Be2 a5 53. Bb5 Kb6 54. Ba4 c4 55. g4 Kc5 56. Rf2 Nd3 57. Rf5+ Kb4 58. Bc2 a4
0-1

[Event "4NCL Division 3 North"]
[Site "Bolton, ENG"]
[Date "2022.05.02"]
[Round "7.43"]
[White "Bramson, Mike"]
[Black "Vleeshhouwer, Douglas"]
[Result "1/2-1/2"]
[WhiteElo "1821"]
[BlackElo "2078"]
[PlyCount "83"]
[EventDate "2022.05.02"]
[WhiteTeam "Bradford DCA Knights A"]
[BlackTeam "Hull & East Riding Tigers"]

1. e4 d6 2. d4 Nf6 3. Nc3 Nbd7 4. Nf3 e5 5. Bc4 Be7 6. a4 a5 7. h3 O-O 8. O-O
c6 9. Ba2 exd4 10. Nxd4 Nc5 11. Re1 Be6 12. Nxe6 fxe6 13. Be3 d5 14. e5 Nfe4
15. Qg4 Rf5 16. Bxc5 Nxc5 17. Rad1 Qb6 18. Rxd5 Rg5 19. Rd8+ Rxd8 20. Bxe6+ Kh8
21. Qc4 Nxe6 22. Qxe6 Bc5 23. Ne4 Rg6 24. Qc4 Be7 25. Qf7 Bb4 26. c3 Rf8 27.
Qd7 Bc5 28. Re2 Qa7 29. e6 Rgf6 30. Nxc5 Qxc5 31. e7 Rxf2 32. exf8=Q+ Rxf8+ 33.
Kh2 Qg5 34. Qf7 Qd8 35. Qe7 Qb8+ 36. Qe5 Kg8 37. Qxb8 Rxb8 38. Re7 b5 39. axb5
cxb5 40. Ra7 a4 41. Kg3 Rd8 42. Rb7 1/2-1/2

[Event "4NCL Division 3 North"]
[Site "Bolton, ENG"]
[Date "2022.05.02"]
[Round "7.44"]
[White "Gardiner, Eric D"]
[Black "Johnson, Paul A"]
[Result "1/2-1/2"]
[WhiteElo "2063"]
[BlackElo "1827"]
[PlyCount "88"]
[EventDate "2022.05.02"]
[WhiteTeam "Hull & East Riding Tigers"]
[BlackTeam "Bradford DCA Knights A"]

1. e4 e5 2. Nf3 Nc6 3. d4 exd4 4. Nxd4 Nf6 5. Nc3 Bb4 6. Nxc6 bxc6 7. Bd3 d5 8.
exd5 cxd5 9. O-O O-O 10. h3 h6 11. Qf3 Be6 12. Ne2 Be7 13. Nd4 Bd7 14. Nf5 Bxf5
15. Qxf5 Qd7 16. Qxd7 Nxd7 17. Bf4 c6 18. Rfe1 Bf6 19. c3 Rfe8 20. Rxe8+ Rxe8
21. Rd1 Nc5 22. Kf1 Nxd3 23. Rxd3 Rd8 24. Be3 Rd7 25. Bc5 Be7 26. Bxe7 Rxe7 27.
Rd4 Kf8 28. Ra4 Rc7 29. Ke2 Ke7 30. Kd3 Kd6 31. Rg4 g6 32. h4 h5 33. Ra4 Ke5
34. g3 f6 35. Ke3 g5 36. hxg5 fxg5 37. f4+ gxf4+ 38. Rxf4 Rg7 39. Kf3 c5 40.
Rf8 Rh7 41. Re8+ Kd6 42. Rd8+ Ke5 43. Re8+ Kd6 44. Rd8+ Ke5 1/2-1/2

[Event "4NCL Division 3 North"]
[Site "Bolton, ENG"]
[Date "2022.05.02"]
[Round "7.45"]
[White "Patrick, David A"]
[Black "Kilshaw, Joe"]
[Result "1/2-1/2"]
[WhiteElo "1806"]
[BlackElo "2019"]
[PlyCount "54"]
[EventDate "2022.05.02"]
[WhiteTeam "Bradford DCA Knights A"]
[BlackTeam "Hull & East Riding Tigers"]

1. e4 c6 2. d4 d5 3. exd5 cxd5 4. Nf3 Nc6 5. c3 Bg4 6. Bb5 Bxf3 7. Qxf3 e6 8.
O-O Nf6 9. Bd3 h6 10. Re1 Bd6 11. Nd2 O-O 12. Nf1 e5 13. dxe5 Nxe5 14. Qd1 Nfg4
15. Bf5 Nxf2 16. Qd4 Ne4 17. Bxe4 dxe4 18. Qxe4 Qf6 19. Be3 Rfe8 20. Bd4 Re7
21. Ng3 g6 22. Rf1 Qe6 23. Qh4 Ng4 24. h3 g5 25. Qxg4 Qxg4 26. hxg4 Bxg3 27.
Rf6 Be5 1/2-1/2

[Event "4NCL Division 3 North"]
[Site "Bolton, ENG"]
[Date "2022.05.02"]
[Round "7.46"]
[White "Thompson, Keith"]
[Black "Colledge, Dave"]
[Result "1-0"]
[WhiteElo "1932"]
[BlackElo "1778"]
[PlyCount "115"]
[EventDate "2022.05.02"]
[WhiteTeam "Hull & East Riding Tigers"]
[BlackTeam "Bradford DCA Knights A"]

1. e4 d5 2. exd5 Nf6 3. d4 Bg4 4. f3 Bf5 5. c4 c6 6. Bd3 Bxd3 7. Qxd3 cxd5 8.
c5 Nc6 9. Bf4 Nh5 10. Be3 e6 11. Ne2 Be7 12. O-O O-O 13. f4 Nf6 14. Nec3 Ng4
15. a3 Rc8 16. Kh1 Bf6 17. Bg1 Nh6 18. Nd2 g6 19. Nf3 Bg7 20. b4 a6 21. Rab1
Re8 22. Ne5 Nxe5 23. fxe5 Nf5 24. a4 h5 25. Ne2 h4 26. Rb3 Kh7 27. Qf3 Rh8 28.
g4 hxg3 29. Nxg3 Nxg3+ 30. Qxg3 Kg8 31. Qf4 Rc7 32. b5 Qe8 33. bxa6 bxa6 34.
Rb6 Bh6 35. Qf3 Qxa4 36. Qf6 Kh7 37. Rfb1 Rhc8 38. Qf1 a5 39. Ra1 Qc2 40. Rxa5
Qe4+ 41. Qg2 Qxg2+ 42. Kxg2 Kg7 43. Kf3 Kf8 44. Be3 Bg7 45. Bg5 Ke8 46. Ke3 Bf8
47. Kd3 Kd7 48. Kc3 Be7 49. Bxe7 Kxe7 50. Kb4 Rh8 51. Ra2 Rh4 52. Rd2 Kd7 53.
Kb5 Rh3 54. c6+ Kd8 55. Rc2 Rb3+ 56. Kc5 Rxb6 57. Kxb6 Re7 58. Ra2 1-0